Negri, froci, giudei & co. : l'eterna guerra contro l'altro /

সংরক্ষণ করুন:
গ্রন্থ-পঞ্জীর বিবরন
প্রধান লেখক: Stella, Gian Antonio
বিন্যাস: গ্রন্থ
ভাষা:ইতালিয়
প্রকাশিত: Milano : Mondolibri, 2010
ট্যাগগুলো: ট্যাগ যুক্ত করুন
কোনো ট্যাগ নেই, প্রথমজন হিসাবে ট্যাগ করুন!

MARC

LEADER 00000nam a22000007i 4500
001 IT\ICCU\TO1\0005302
003 ItRI
005 20260115232257.0
008 130221s2010 it |||||| ||||| |||||c
040 |b ita  |c importazione bologna sebina 
041 7 |a ita  |2 ISO-639-2 
100 1 |a Stella, Gian Antonio  |0 IT\ICCU\VIAV\097880 
245 1 0 |a Negri, froci, giudei & co. :  |b l'eterna guerra contro l'altro /  |c Gian Antonio Stella. 
246 1 3 |a Negri, froci, giudei [e] co.  |9 IT\ICCU\CFI\0746757 
260 |a Milano :  |b Mondolibri,  |c 2010 
300 |a 331 p. ;  |c 23 cm. 
942 |2 ddc  |c BK  |n 0 
952 |0 0  |1 0  |4 0  |6 DOC_303_385000000000000_STE  |7 0  |9 23430  |a BO  |b BO  |d 2026-01-15  |i 17479  |l 0  |o DOC 303.385 STE  |p BO17479  |r 2026-01-15 23:22:57  |w 2026-01-15  |x [Sebina 5] [1 v.]  |y BK  |z 1 v. 
999 |c 19966  |d 19966